Fundamentals of spoken english for filipinos / (Record no. 72706)
[ view plain ]
| 000 -LEADER | |
|---|---|
| fixed length control field | 00660nam a22002177i 4500 |
| 003 - CONTROL NUMBER IDENTIFIER | |
| control field | URS |
| 005 - DATE AND TIME OF LATEST TRANSACTION | |
| control field | 20230817141504.0 |
| 008 - FIXED-LENGTH DATA ELEMENTS--GENERAL INFORMATION | |
| fixed length control field | 181207s1980 ph ||||| |||| 00| 0 eng d |
| 040 ## - CATALOGING SOURCE | |
| Transcribing agency | URS |
| 050 14 - LIBRARY OF CONGRESS CALL NUMBER | |
| Classification number | LB15 |
| Item number | .G55 1980 |
| 100 1# - MAIN ENTRY--PERSONAL NAME | |
| Personal name | Gonzales, Leopoldo C. |
| Relator term | author |
| 245 10 - TITLE STATEMENT | |
| Title | Fundamentals of spoken english for filipinos / |
| Statement of responsibility, etc. | Leopoldo C. Gonzales. |
| 264 #1 - PRODUCTION, PUBLICATION, DISTRIBUTION, MANUFACTURE, AND COPYRIGHT NOTICE | |
| Place of production, publication, distribution, manufacture | Metro Manila |
| Name of producer, publisher, distributor, manufacturer | National Book Store |
| Date of production, publication, distribution, manufacture, or copyright notice | [date of publication not identified]. |
| 264 #1 - PRODUCTION, PUBLICATION, DISTRIBUTION, MANUFACTURE, AND COPYRIGHT NOTICE | |
| Date of production, publication, distribution, manufacture, or copyright notice | ©1980. |
| 300 ## - PHYSICAL DESCRIPTION | |
| Extent | vi, 193 p. |
| Other physical details | col. ill.; 22 cm. |
| 336 ## - CONTENT TYPE | |
| Content type term | text |
| Content type code | txt |
| Source | rdacontent |
| 337 ## - MEDIA TYPE | |
| Media type term | unmediated |
| Media type code | n |
| Source | rdamedia |
| 338 ## - CARRIER TYPE | |
| Carrier type term | volume |
| Carrier type code | nc |
| Source | rdacarrier |
| 650 #0 - SUBJECT ADDED ENTRY--TOPICAL TERM | |
| Topical term or geographic name entry element | English |
| 942 ## - ADDED ENTRY ELEMENTS (KOHA) | |
| Koha item type | Reserved Books |
| Source of classification or shelving scheme | Library of Congress Classification |
| Withdrawn status | Damaged status | Not for loan | Home library | Current library | Date acquired | Total Checkouts | Full call number | Barcode | Date last seen | Price effective from | Koha item type | Source of classification or shelving scheme | Collection code | Shelving location |
|---|---|---|---|---|---|---|---|---|---|---|---|---|---|---|
| Tanay College Library | Tanay College Library | 02/09/2015 | LB 15 G55 | 320 | 02/09/2015 | 02/09/2015 | Reserved Books | |||||||
| Tanay College Library | Tanay College Library | 12/07/2018 | LB15 .G55 1980 | URSTAN-D319 | 12/07/2018 | 12/07/2018 | Reserved Books | Library of Congress Classification | Non-fiction | Reserve Section |